The Office Quiz - Statistics

General Stats
  • This quiz has been taken 502 times
  • The average score is 4 of 15
Answer Stats
Hint Answer % Correct
Who was Michael's "secret weapon" in the basketball game? Stanley
71%
At whose concert did Michael do drugs? Alicia Keys
61%
Which 4-time Oscar nominee played a love interest? Amy Adams
55%
In the same story, where did Dwight hide the stolen Chandlier? (city) Berlin
36%
What does Darryl instruct Andy to move to the "pros" column in "Sex Ed?" Unplanned pregnancy
28%
Who does DeAngelo compare his relationship with Dwight to? His son
27%
Who does Nellie compare herself to so the office gets on her side in "Get the Girl?" Tinkerbell
16%
What job did Dwight's fictional son have in "Frame Toby?" Chief of Police
13%
Who is the only "hot chocolate" Todd Packer is into? Vivica A. Fox
12%
Which hit pop record did Pam and Wali dance to in "Diwali?" Crazy in Love
11%
What does Kevin offer to Phyllis when she cries in "Local Ad?" Masking tape
11%
What characteristic of Stanley's "Papyr" did he mention other than "pink" and "silky soft?" Scented
10%
What did Michael say was the "only thing that made sense" when trying to figure out the motive behind the carpet incident? Act of terrorism
9%
According to Oscar, what do he, Jim, and Pam comprise in the office? Coalition for Reason
3%
What does the yellow lines on Dwight's chart do to Michael in "Did I Stutter?" Zags
3%
No matching quizzes found
Score Distribution
Percent of People with Each Score
Percentile by Number Answered
Your Score History
You have not taken this quiz